[Event "RUS-chT 05th"]
[Site "Maikop"]
[Date "1998.06.10"]
[Round "8"]
[White "Belozerov, Andrei"]
[Black "Ionov, Sergey"]
[Result "0-1"]
[WhiteElo "2460"]
[BlackElo "2530"]
[Annotator "Ribli,Z"]
[PlyCount "90"]
[EventDate "1998.06.03"]
[EventType "team-tourn"]
[EventRounds "11"]
[EventCountry "RUS"]
[SourceTitle "CBM 066"]
[Source "ChessBase"]
[SourceDate "1998.09.30"]
[SourceVersion "1"]
[SourceVersionDate "1998.09.30"]
[SourceQuality "1"]
[WhiteTeam "Tomsk 400"]
[BlackTeam "Sankt Petersburg"]
[WhiteTeamCountry "RUS"]
[BlackTeamCountry "RUS"]

1. Nf3 {Hecht} Nf6 2. c4 e6 3. Nc3 Bb4 4. Qc2 O-O 5. a3 Bxc3 6. Qxc3 c5 (6...
b6 {Das ist eine gute Alternative. Schwarz kann möglicherweise seinen Läufer
nach b7 stellen. Ribli.} 7. b4 a5 (7... Bb7 8. Bb2 d6 9. e3 a5 10. Be2 axb4 11.
axb4 Rxa1+ 12. Bxa1 Nbd7 13. O-O Qe7 14. Bb2 Ra8 15. d4 c5) 8. Bb2 axb4 9. axb4
Rxa1+ 10. Bxa1 c5 11. e3 d6 (11... Qe7 12. b5 Bb7 13. Be2 d6 14. O-O Nbd7 15.
Bb2 Ra8) 12. Be2 e5 {Es ist typisch für diese Variante, daß Schwarz seine
Bauern auf die schwarzen Felder stellt, um die Beweglichkeit des weißen Läufer
einzuschränken.} 13. d3 Re8 $11) 7. g3 d6 8. b4 $6 {Dieser Zug gefällt mir
nicht. Es wäre meines Erachtens besser, zunächst die Entwicklung des
Königsflügels zu beenden.} (8. Bg2 $5 e5 9. d3 (9. O-O a5 10. b3 Nc6 11. e3 Bg4
12. d3 Qd7 13. Ng5 Rab8 14. f3 Bf5 15. Ne4 Bxe4 16. dxe4 b5 {Olarasu,
G-Maksimovic,S/Balkaniad 1994/0-1 (53)}) 9... Nc6 10. O-O Bg4 11. Re1 a5 (11...
Qd7 12. b4 Rae8 {1/2-1/2 Alterman,B-Aseev,K/Rostov op 1993}) 12. h3 Bd7 13. b3
h6 14. Bb2 Nd4 15. Nxd4 cxd4 16. Qd2 Qc8 17. Kh2 Bc6 18. e4 b5 19. cxb5 Bxb5
20. a4 Bd7 21. Ba3 Qa6 22. Rec1 Rfb8 23. Rab1 Rb7 24. f4 Rab8 25. fxe5 dxe5 26.
Rc5 Rxb3 27. Rxa5 Qe6 {Muco,F-Sokolov,A/Bern op 1996/0-1 (42)}) 8... e5 $5 $13
9. bxc5 (9. d3 Nc6 (9... e4 $13) 10. bxc5 e4 $15) 9... e4 10. Nd4 dxc5 11. Nb3
Qe7 $11 {[%csl Rb3] Weiß besitzt zwar das Läuferpaar, aber sein Springer steht
schlecht auf b3, während Schwarz über Raumvorteil im Zentrum verfügt.} 12. Bb2
Nc6 13. Bg2 Bf5 14. Qe3 {[%cal Re3c5]} (14. O-O b6 $11 (14... Rad8 $11)) 14...
b6 {Schwarz hat eine gesunde Stellung ohne Schwächen.} 15. O-O Rfe8 16. d3 {
[%cal Gg2a8]} Rad8 {Schwarz hat seine Figuren harmonisch auf das Zentrum
ausgerichtet.} 17. Bxf6 gxf6 {Dies führt zwar zu einer dauerhaften
strukturellen Schwächung des schwarzen Königsflügels, aber Weiß kann diese
wohl kaum ausnutzen.} (17... Qxf6 18. dxe4 Be6 $44 {[%csl Rc4,Re2,Re4]}) 18.
Rfd1 (18. dxe4 Bxe4 19. Bxe4 Qxe4 20. Qxe4 Rxe4 $17 {[%csl Ra3,Rc4,Re2,Rf6]})
18... Qe5 19. dxe4 {Weiß sollte die Spannung aufrecht erhalten.} (19. Rab1 $11)
19... Rxd1+ 20. Rxd1 Bxe4 $15 {[%csl Rb3,Rc4] Nur auf den ersten Blick scheint
Schwarz Probleme zu haben, denn der weiße Springer b3 steht passiv und sein
Bauer c4 ist schwach.} 21. f4 {Weiß nimmt dem Schwarzen das Feld e5, schwächt
aber seine Rochadestellung.} (21. Bxe4 Qxe4 22. Qxe4 Rxe4 23. Rd6 Ne5 $15 {
[%csl Rc4]}) 21... Qe6 22. Qxe4 Qxe4 23. Bxe4 Rxe4 24. Rd6 Ne7 {Wegen 21.f4
muß Schwarz einen bescheidenen Springerzug machen.} 25. Rd7 (25. Rxf6 Rxe2 $17
{[%csl Rb3]}) 25... Rxe2 26. Rxa7 Nf5 {[%csl Rb3,Ge2,Rg1]} 27. Rb7 Ne3 28. Rb8+
$6 (28. Rxb6 Rg2+ 29. Kh1 Rb2 {[%csl Rh1][%cal Rb2b1,Rb1h1]} 30. Kg1 Nxc4 31.
Rb7 {[%cal Rb3c5]} Nd6 $15 {[%csl Gc5]}) 28... Kg7 29. Re8 Rg2+ 30. Kh1 Re2 {
Mit der Zugwiederholung spart Schwarz Bedenkzeit.} 31. Kg1 Kg6 {[%csl Rb3,Ge2,
Ge3,Rg1,Gg6] Die Verbesserung des schwarzen Königs ist für Weiß sehr
gefährlich.} 32. Nd2 $5 {Die einzige Möglichkeit für Weiß, seinen Springer ins
Spiel zu bringen.} Rg2+ {Mit diesem Zwischenzug wird der weiße König
schlechter gestellt.} 33. Kh1 Rxd2 $1 {Das ist die richtige Entscheidung.} 34.
Rxe3 Rc2 {[%csl Gc2,Rc4,Gg6,Rh1] In diesem Turmendspiel hat Schwarz die
besseren Chancen. Der König kann nach f5 und der Turm steht auf c2
ausgezeichnet.  [#] Hecht: Die weiße Stellung krankt an der schlechten
Königsstellung. Der schwarze König ist zu schnell, als daß der a-Bauer retten
kann.} 35. Rb3 Rxc4 36. Rxb6 Rc2 {[%csl Gc2,Gc5,Gg6,Rh1] Das Material ist
reduziert und in Turmendspielen ist die Remiswahrscheinlichkeit gross, aber in
unserer konkreten Stellung hat Schwarz gute Gewinnchancen, denn - sein
c-Freibauer ist gefährlich, - der schwarze König leistet Unterstützung, - der
weiße König steht auf h1 sehr passiv. [#] Hecht: Die weiße Stellung krankt an
der schlechten Königsstellung. Der schwarze König ist zu schnell, als daß der
a-Bauer retten kann.} 37. Rc6 (37. g4 $5 {Weiß verhindert die Annäherung des
schwarzen Königs.} Rc4) 37... Kf5 $17 38. a4 Kg4 39. Rd6 (39. a5 Kf3 $19 {
[%csl Rh1] Der weiße König befindet sich im Mattnetz.}) 39... c4 $5 {Der
schwarze Bauer geht voran und nimmt dem Weißen zusätzlich das Feld d3.} (39...
Kf3 40. Rd3+ $17) 40. a5 Kf3 {[%csl Rh1][%cal Rc2c1,Rc1h1]} 41. Rd1 c3 $19 {
[%csl Gc2,Gc3,Gf3] Das Zusammenspiel der schwarzen Kräfte entscheidet die
Partie.} 42. h4 (42. a6 Ra2 {[%csl Ra6]} (42... Rd2 43. Rf1+ Ke2 44. Rc1 (44.
Ra1 {Hecht} Rd8 $1 (44... c2 $2 45. Kg2 $1 Ke3+ (45... Rd1 46. Ra2 $1) 46. Kh3
Rd1 47. Ra3+ $1) 45. a7 c2 $19) 44... c2 45. a7 Rd1+ 46. Kg2 Rxc1 47. a8=Q Rg1+
48. Kh3 (48. Kxg1 c1=Q+ 49. Kg2 Qf1#) 48... c1=Q $19) 43. Rc1 (43. Rd3+ Kf2 $19
{[%csl Rh1]}) 43... c2 44. a7 Rxa7 45. Rxc2 Ra1+ $19) 42... Rd2 43. Rf1+ Kxg3
44. a6 c2 {[%csl Gc2]} 45. Rg1+ (45. a7 Rd1 $19) 45... Kh3 {[%csl Rh1][%cal
Rd2h2] und Weiß gab auf.} 0-1

[Event "Rishon Le Ziyyon"]
[Site "Rishon Le Ziyyon"]
[Date "1996.??.??"]
[Round "9"]
[White "Greenfeld, Alon"]
[Black "Goldin, Alexander"]
[Result "1/2-1/2"]
[WhiteElo "2560"]
[BlackElo "2600"]
[Annotator "Ribli,Z"]
[PlyCount "121"]
[EventDate "1996.02.??"]
[EventType "tourn"]
[EventRounds "9"]
[EventCountry "ISR"]
[EventCategory "13"]
[SourceTitle "CBM 053"]
[Source "ChessBase"]
[SourceDate "1996.08.01"]
[SourceVersion "1"]
[SourceVersionDate "1996.08.01"]
[SourceQuality "1"]

1. Nf3 Nf6 2. c4 e6 3. Nc3 Bb4 4. g3 b6 5. Bg2 Bb7 6. d3 $5 {In der letzten
Zeit kommt dieser Zug auch deshalb in Mode, weil Kramnik ihn schon mit Erfolg
spielte.} O-O 7. O-O Nc6 $146 (7... d5 8. cxd5 exd5 9. Bf4 Re8 $6 10. Nb5 $1
Na6 11. Rc1 $36 {Kramnik,V-Gulko,B/Horgen/1995/CBM50/INF65,12/}) (7... Bxc3 8.
bxc3 d6 (8... c5 9. e4 Ne8 10. Qe2 Nc6 11. Nh4 Nc7 12. f4 f5 $1 $13 {Gausel,
E-Razuvaev,Y/Gausdal/1993/}) 9. e4 Nfd7 (9... c5 10. Nh4 (10. Ne1 Ne8 11. Qe2
Nc7 12. f4 f5 $1 13. Nc2 Nc6 14. Bd2 Qd7 $10 {Tsersarsky,I-Razuvaev,Y/EUCup
Eupen/1994/}) 10... Nc6 $6 (10... Ne8 $5) 11. f4 Ne8 12. f5 $36 {Ribli,
Z-Razuvaev,Y/BL9192/INF54,15/}) 10. Nh4 (10. Nd4 $5) 10... Nc6 11. f4 Ne7 12.
Nf3 Nc5 13. Be3 Qd7 $13 {Gelfand,B-Adams,M/Wijk/1996/CBM51/INF65,13/}) 8. e4
Bxc3 9. bxc3 Ne8 $146 (9... e5 $2 {Dieser Zug ist meines Erachtens nur ein
unnötiger Tempoverlust.} 10. Nh4 d6 11. f4 Re8 (11... Nd7 12. f5 f6 13. g4 Rf7
14. Rf3 Kf8 15. Rg3 $40 {Znamenacek,K-Gaertner,G/Prague Bohemians/1995/}) 12.
Nf5 $40 {Tolstikh,N-Chmelik,J/Ceske Budejovice/1994/}) 10. Qe2 $5 {Ein
Wartezug, der Anziehende will noch nicht entscheiden welchen Plan er waehlt.}
f6 11. h4 Nd6 12. h5 {/\ h6} f5 $5 13. e5 (13. h6 fxe4 $1 14. hxg7 $2 Rxf3 15.
Bxf3 exf3 16. Qxf3 Ne5 $19) 13... Nf7 14. Bf4 Na5 15. Qe3 Qe7 (15... h6 16. Nh4
$36 {>< g6}) 16. h6 g6 (16... Nxh6 17. Bxh6 gxh6 18. Qxh6 Qg7 19. Qf4 $14) 17.
Bg5 $5 {Weiß gibt sein Läuferpaar zurück, weil in dieser geschlossenen
Stellung der Springer mehr wert ist.} Nxg5 (17... Qa3 $2 18. Bf6 $40) 18. Nxg5
Qa3 {Natürlich ist es nicht so leicht zu entscheiden, ob der schwarze Springer
auf a5 oder auf b7 günstiger steht.} (18... Bxg2 19. Kxg2 Qa3 20. Rfc1 $14 {
Die weisse Stellung sieht etwas bequemer aus (Bauer auf h6 und der Springer
auf g5); aber es ist nicht so einfach für ihn, seine Stellung weiter zu
verstärken.}) 19. Bxb7 Nxb7 20. d4 Qa4 (20... Qa6 {Schwarz koennte mit diesem
Zug einen Bauern gewinnen, aber das wäre zu riskant.} 21. Qd3 Na5 22. d5 Qxc4 (
22... Nxc4 $4 23. dxe6 dxe6 24. Qd7 $18) (22... Rad8 $2 23. Rfd1 Qxc4 24. dxe6
Qxd3 25. Rxd3 dxe6 26. Rad1 $16) 23. Rfd1 $44) 21. Qd3 Nd8 $5 {Goldin waehlt
eine sichere Fortsetzung, wo er minimal schlechter steht, aber sein Koenig
nicht in Gefahr ist.} (21... Na5 22. c5 $36) 22. d5 Nf7 {Weiß muß jetzt wählen:
Soll er den e5 oder den h6 Bauern festigen?} 23. f4 (23. Nxf7 Rxf7 24. f4 $36)
23... Nxg5 24. fxg5 Rae8 25. Rad1 $1 {Natuerlich gehoert ein Turm auf eine
offene Linie.} Rf7 (25... Qxa2 $4 26. dxe6 dxe6 27. Qd7 $18) 26. Rd2 Qa3 27.
Qe3 Qe7 28. Re1 Ref8 {/\ f4} 29. Qf4 (29. Rf1 Re8 $10) 29... Qc5+ 30. Re3 Re8
31. Kh2 {/\ Red3 <-> d} b5 $5 {Eine natürliche Reaktion, der Nachziehende will
nicht tatenlos zuschauen, wie sein Gegner seine Stellung in aller Ruhe
verstärkt.} 32. dxe6 Rxe6 $5 {Schwarz soll die e-Linie öffnen und den
e5-Bauern angreiffen. Sonst bleibt er ohne Gegenspiel.} 33. Qd4 Qxc4 34. Qxc4
bxc4 35. Rd4 Kf8 (35... d6 36. exd6 $1 Rxe3 37. d7 Rxd7 38. Rxd7 Rxc3 39. Rg7+
Kh8 $2 (39... Kf8 40. Rxh7 Rc2+ 41. Kh3 Rxa2 42. Rxc7 Ra1 43. Kg2 Ra2+ 44. Kf3
Rh2 45. Rxc4 $18) 40. Rxc7 Kg8 41. Rg7+ Kh8 42. Rxa7 Kg8 43. Ra8+ Kf7 44. Rh8
Rc2+ 45. Kh3 Rxa2 46. Rxh7+ Kf8 47. Rh8+ Kf7 48. Rc8 Ra1 49. Kg2 Ra2+ 50. Kf3
Rh2 51. Rxc4 $18 {>< g6}) 36. Rxc4 c6 (36... d6 37. exd6 Rxe3 38. dxc7 Rxc7 39.
Rxc7 $18) 37. Rb4 Rfe7 38. Rb8+ Re8 39. Rb7 R6e7 $1 {Schwarz findet einen
grossartigen Rettungsplan: Er opfert einen Bauern, kommt dafür aber aus seiner
passiven Stellung heraus.} (39... Rxe5 40. Rxe5 Rxe5 41. Rxd7 Re7 42. Rd6 $16)
40. Rxa7 d5 $1 {[#]} 41. Ra6 Re6 (41... Rxe5 $2 42. Rxe5 Rxe5 43. Rxc6 $18) 42.
Re2 {/\ Rb2 Weiß will die b-Linie besetzen, aber Schwarz kommt zuerst.} Rb8 $1
43. Kg2 Ke8 44. Kf3 Rb7 45. Ra8+ Kd7 46. a4 $1 {Plötzlich hat der Anziehende
einen gefährlichen Freibauern auf der a-Linie. Wie kann Schwarz den bremsen?}
Re7 $1 47. a5 Rb3 48. Ra7+ Ke6 49. Rxe7+ Kxe7 50. Ra2 Rxc3+ $1 $8 51. Kf2 Rb3
52. a6 Rb8 53. a7 Ra8 {Der schwarze Turm ist rechtzeitig zurückgekehrt.} 54.
Ke3 {/\ Kd4} c5 $1 (54... Ke6 $2 55. Kd4 c5+ 56. Kxc5 Kxe5 57. Re2#) 55. Ra6
Kf8 56. Kd3 Ke7 57. Kc3 Kf8 58. Kb3 Ke7 59. Kc3 Kf8 60. Kb3 Ke7 61. Kc3 {Ribli}
1/2-1/2

[Event "St Petersburg-ch"]
[Site "St Petersburg"]
[Date "1996.??.??"]
[Round "3"]
[White "Khalifman, Alexander"]
[Black "Aseev, Konstantin N"]
[Result "1-0"]
[WhiteElo "2640"]
[BlackElo "2560"]
[Annotator "Ribli,Z"]
[PlyCount "81"]
[EventDate "1996.04.??"]
[EventType "tourn"]
[EventRounds "13"]
[EventCountry "RUS"]
[EventCategory "11"]
[SourceTitle "CBM 056"]
[Source "ChessBase"]
[SourceDate "1997.02.01"]
[SourceVersion "1"]
[SourceVersionDate "1997.02.01"]
[SourceQuality "1"]

1. Nf3 Nf6 2. c4 e6 3. Nc3 Bb4 4. g3 O-O 5. Bg2 d5 6. Qb3 c5 7. O-O Nc6 8. d3
h6 9. Na4 $5 (9. e3 Re8 $1 10. a3 dxc4 11. dxc4 Bxc3 12. Qxc3 e5 13. b4 e4 14.
Nd2 Qe7 15. b5 Ne5 $13 {Kasparov-Anand/PCA-Wch New York/1995/CBM49/}) (9. Bf4
Re8 10. Ne5 Nxe5 11. Bxe5 Ng4 12. a3 $5 Ba5 13. Bf4 e5 14. Bc1 Bxc3 15. bxc3
$14 {Grennfeld,A-Gruenfeld,Y/ISR-chT/1996/EXP52/}) 9... b6 10. a3 Ba5 11. Bf4
Bd7 (11... Nh5 12. Ne5 (12. Bd2 dxc4 (12... Bxd2 13. Nxd2 Nf6 $10) 13. dxc4
Bxd2 14. Rad1) (12. Be3 d4 13. Nxd4 cxd4 14. Bxc6) 12... Nxf4 13. gxf4 Nxe5 14.
fxe5 dxc4) 12. Nc3 Bxc3 $5 13. Qxc3 d4 (13... Qe7 14. Ne5 Nh5 15. Nxd7 (15.
Nxc6 Bxc6 16. Bd2 d4 17. Qc2 Bxg2 18. Kxg2 e5) 15... Nxf4 16. Nxf8 $2 (16. gxf4
Qxd7) (16. Nf6+ Qxf6 17. Qxf6 Nxe2+ 18. Kh1 gxf6) 16... Nxe2+) 14. Qc2 Ne8 $146
(14... Qe7 15. Ne5 Rac8) (14... Rc8 15. Bd6 Re8 16. b4 $36) (14... Re8 15. Ne5
Nxe5 16. Bxe5 Ng4 $6 17. Bxa8 Qxa8 18. Bf4 e5 19. Bc1 f5 20. f3 Ne3 21. Bxe3
dxe3 22. Kh1 Bc6 23. Qc1 f4 24. Qc3 fxg3 25. Qc1 $1 $16 {Ehlvest,J-Romanishin,
O/Terrassa/1991/}) 15. b4 f6 16. Bd2 Nd6 17. e3 $14 {Weiss hat einen kleinen
Vorteil wegen seines Läuferpaares. Richtiger Weise öffnet er nun die Stellung.}
e5 18. exd4 exd4 19. Rab1 Rc8 (19... Rb8 20. Bf4 $14) 20. Bf4 Nf7 21. bxc5 bxc5
22. h3 Re8 23. Qd1 Nce5 (23... g5 24. Bd2 Kg7) 24. Bxe5 Nxe5 25. Re1 Nf7 (25...
Nxf3+ 26. Qxf3 Bc6 27. Qh5 $16 (27. Qf5 $16 {Und Schwarz hat grosse
positionelle Schwächungen in seiner Stellung.})) 26. Rxe8+ Bxe8 27. Nh4 Nd6 28.
Qg4 $16 h5 $6 (28... Bf7) 29. Bd5+ Kh7 30. Qf3 Rc7 31. Ng2 g5 {Das ist
bitterer Zwang für Schwarz. Er muß den Zug Ng2-f4 verhindern, schwächt nun
aber seine Königstellung.} 32. h4 $1 Bg6 {Nach 32...g4 Weiss hat denPunkt f4.}
33. hxg5 fxg5 34. Qe2 Qf6 35. Re1 Be8 36. Qe6 $1 $18 Rf7 (36... Qxe6 37. Rxe6
Rd7 38. Bc6 Rd8 39. Rxd6 Rxd6 40. Bxe8) 37. Qxf6 Rxf6 38. Re7+ Kh6 39. Rxa7 {
Jetzt erlangt Weiß Materialvorteil. Es droht der Vormarsch des a-Bauern.} Bg6
40. Ne1 Nf5 41. Nf3 {Schwarz ist praktisch in Zugzwang. Er ist hilflos gegen
die vielseitigen Drohungen.} 1-0

[Event "St Petersburg-ch"]
[Site "St Petersburg"]
[Date "1996.??.??"]
[Round "7"]
[White "Sakaev, Konstantin"]
[Black "Taimanov, Mark E"]
[Result "1-0"]
[WhiteElo "2600"]
[BlackElo "2470"]
[Annotator "Ribli,Z"]
[PlyCount "79"]
[EventDate "1996.04.??"]
[EventType "tourn"]
[EventRounds "13"]
[EventCountry "RUS"]
[EventCategory "11"]
[SourceTitle "CBM 056"]
[Source "ChessBase"]
[SourceDate "1997.02.01"]
[SourceVersion "1"]
[SourceVersionDate "1997.02.01"]
[SourceQuality "1"]

1. Nf3 Nf6 2. c4 e6 3. Nc3 Bb4 4. Qc2 O-O 5. a3 Bxc3 6. Qxc3 c5 7. g3 b6 8. Bg2
Bb7 9. O-O d5 (9... d6 $5) 10. d3 Nbd7 11. b4 Rc8 (11... Qe7 12. Bb2 a5 13. b5
$10) (11... Re8 $5) (11... d4 12. Qc2 e5 13. bxc5 bxc5 14. e4 dxe3 15. Bxe3 e4
16. dxe4 Bxe4 17. Qc3 Qc7 $13 {Borik,O-Siegel,G/BL8182/}) 12. cxd5 (12. Bb2 Re8
13. Qb3 e5 $10) 12... cxb4 $6 (12... Nxd5 13. Qd2 (13. Qb2)) (12... Bxd5 13. e4
cxb4 (13... Bb7 14. Qb3 Qe7 15. Bb2 $14) 14. Qd4 $5 Bb7 15. axb4 $16) (12...
exd5 $5 {Ich denke, dies ist die grundsätzliche und auch die richtige
Fortsetzung, in der Schwarz durchaus seine Chancen besitzt..}) 13. Qb2 (13. Qd2
Nc5 $2 14. dxe6 Nb3 15. Qxb4 Nxa1 16. e7 $18) 13... bxa3 14. Rxa3 Bxd5 (14...
a6 15. dxe6 fxe6 16. Be3 b5 17. Bd4) (14... a5 15. dxe6 fxe6 16. Be3 Nd5 17.
Bd4 $16 {In beiden Varianten hat Schwarz grosse Probleme mit dem a- und dem
b-Bauern.}) 15. Rxa7 Ra8 16. Rxa8 Qxa8 17. Bd2 Qb7 18. Rb1 $14 {Schwarz hat
nur eine einzige, aber dauerhafte Schwäche, seinen b-Bauer. Der Anziehende
verfügt außerdemüber das Läuferpaar, und hat später Möglichkeiten am
Königsflügel.} Bc6 19. Bc3 Rc8 20. Bd4 b5 21. h3 Ne8 22. e4 f6 23. Qb3 Nf8 24.
Be3 Qf7 25. Nd4 Bd7 26. Qa3 $1 (26. Nxb5 $2 Rb8 27. Qc4 (27. Qa4 Rxb5 28. Rxb5
Nd6 $19) 27... Rxb5 28. Rxb5 Nd6 $19) 26... Nc7 27. Nb3 e5 28. d4 exd4 29. Nxd4
g6 $6 {Dieser Zug gefällt mir nicht. Nach dem Partiezug handeltsich Schwarz
eine neue Schwäche ein.} (29... Ng6 30. Nf5 (30. f4 $5) 30... Bxf5 31. exf5 Ne5
) 30. Rc1 Nfe6 31. Nc6 $1 Kg7 32. Nb4 Qe7 33. Qb2 Qd6 34. f4 Qe7 35. Kh2 h5 36.
Rd1 Be8 37. h4 Rd8 38. Rc1 Kh7 39. Qc3 Qg7 $4 {Der entscheidende Fehler,
wahrscheinlich in Zeitnot. Mit dem folgendem Zug gewinnt Weiß eine Figur.} (
39... f5 40. exf5 gxf5 41. Qe5 $18) 40. f5 {Schwarz verliert einen Springer,
deshalb gibt er auf.} 1-0

[Event "Presidents Cup "]
[Site "Elista"]
[Date "1998.05.10"]
[Round "2.1"]
[White "Zvjaginsev, Vadim"]
[Black "Ivanchuk, Vassily"]
[Result "1/2-1/2"]
[WhiteElo "2655"]
[BlackElo "2740"]
[Annotator "Ribli,Z"]
[PlyCount "47"]
[EventDate "1998.05.07"]
[EventType "k.o."]
[EventRounds "6"]
[EventCountry "RUS"]
[SourceTitle "CBM 065"]
[Source "ChessBase"]
[SourceDate "1998.08.06"]
[SourceVersion "1"]
[SourceVersionDate "1998.08.06"]
[SourceQuality "1"]

1. Nf3 Nf6 2. c4 e6 3. Nc3 Bb4 4. g3 {Weiß beschäftigt (noch) nicht - wie in
der Variante 4.Qb3 oder 4.Qc2 - mit dem Läufer b4, sondern er entwickelt
zunächst seinen Läufer. Ribli.} O-O 5. Bg2 d5 6. Qb3 Nc6 (6... c5 7. O-O Nc6 8.
d3 h6 9. Na4 (9. Bf4 Re8 10. Ne5 Nxe5 11. Bxe5 Ng4 12. a3 Ba5 13. Bf4 e5 14.
Bc1 Bxc3 15. bxc3 d4 16. h3 Nf6 17. cxd4 cxd4 18. e3 Nd7 19. Qb5 a6 20. Qd5 Qb6
21. exd4 exd4 22. Bf4 {1/2-1/2 Greenfeld,A-Gruenfeld,Y/ISR-chT 1996 (34)}) 9...
b6 10. Bf4 Bd7 $1 11. a3 Ba5 12. Nc3 Bxc3 13. Qxc3 Re8 $1 14. d4 Ne4 $1 15. Qd3
cxd4 16. cxd5 exd5 17. Nxd4 Nc5 18. Nxc6 Nxd3 19. Nxd8 Nxf4 20. gxf4 Raxd8 21.
Rfd1 $1 {1/2-1/2 Illescas Cordoba,M-Almasi,Z/Ubeda 1997 (35)}) 7. a3 (7. cxd5
exd5 8. a3 Be7 9. d4 Na5 10. Qa2 Nc4 11. Bg5 c6 12. O-O Nd6 13. Bxf6 Bxf6 14.
e3 Re8 15. Rfc1 Bf5 16. Na4 h5 17. Nc5 h4 18. b4 {1-0 Suba,M-Pogorelov,R/
Anibal op4th 1997 (39)}) (7. d4 Ne4 8. Qc2 Nd6 9. cxd5 exd5 10. O-O Bf5 11. Qb3
{1/2-1/2 Kramnik,V-Khalifman,A/BL9596 1996}) 7... Bxc3 $1 {Natürlich und gut!
Wenn Schwarz in diesem Aufbau 3...Bb4 spielt, steht er bereit, auf c3 zu
nehmen. Jetzt ist dieser Abtausch besser für Schwarz, den er gewinnt weitere
Zeit mit folgendem 8...d4.} (7... Be7 8. d3 d4 9. Na4 Na5 10. Qc2 c5 11. Nxc5
Bxc5 12. b4 Bb6 13. bxa5 Bxa5+ 14. Bd2 Bxd2+ 15. Nxd2 Rb8 16. O-O b6 17. a4 {
1/2-1/2 Olafsson,F-Euwe,M/Amsterdam olm 1954}) 8. Qxc3 (8. dxc3 Na5 $17 {
[%cal Ra5b3,Ra5c4]}) 8... d4 (8... a5) 9. Qc2 d3 $1 {Dieses zeitweilige
Bauernopfer führt zu großen Komplikationen mit beiderseitigen Chancen.} (9...
a5 10. b3 e5 11. d3 $14) 10. Qxd3 (10. exd3 e5 11. b4 (11. O-O Bf5 12. Ne1 Nd4
{Schwarz sollte hier mehr als ausreichende Kompensation haben.}) 11... Bf5 $17)
10... Qxd3 11. exd3 e5 $44 {[%csl Rc1,Rd3,Yd4] Weiß hat einen Mehrbauern und
das Läuferpaar, aber seine Bauernstellung ist schwach und er hat
Entwicklungsprobleme am Damenflügel zu lösen.} 12. b4 Bf5 13. Bb2 (13. b5 Nd4
14. Nxd4 (14. Nxe5 $4 Nc2+) 14... exd4 15. Bxb7 Rae8+ 16. Kd1 Ng4 $5 {[%cal
Rg4f2,Rf2d1,Rf2h1]} (16... Bxd3 $44) 17. Kc2 Nxf2 {[%csl Rc2][%cal Rf2h1,Rf2d3,
Rf5d3]} 18. Rg1 Nxd3 $36) 13... Bxd3 14. b5 e4 $5 (14... Nd4 15. Nxe5 $5 (15.
Nxd4 exd4 16. Bxd4 Bxc4 $11) 15... Nc2+ (15... Rfe8 $4 16. Bxd4 $18) 16. Kd1
Nxa1 17. Nxd3 $16 {[%csl Ra1] Und das weiße Läuferpaar ist sehr stark. Der
kleine schwarze Materialsvorteil ist hingegen nur zeitweilig.}) 15. bxc6 exf3
16. Bxf3 Rfe8+ 17. Kd1 Ne4 {[%csl Rd1,Gd3,Ge4][%cal Re4f2,Rf2d1,Rf2h1]} 18.
cxb7 Nxf2+ (18... Rab8 19. Bd4 c5 (19... Rxb7 20. Re1 $14) 20. Be3 Rxb7 $44)
19. Kc1 Rad8 {[%csl Gb2,Gb7,Rc1,Gd3,Gd8,Ge8,Gf2,Gf3]} 20. Rg1 Nh3 (20... Bxc4
21. Bc3 Nh3 22. Rd1 Nf2 23. Rg1 $11) 21. Rd1 (21. Rg2 $2 Re1+ 22. Bd1 Bf1 $19 {
[%csl Rg2][%cal Rf1g2]}) 21... Nf2 $11 22. Rg1 Nh3 23. Rd1 Nf2 24. Rg1 {
und es wurde wegen Zugwiederholung Remis gegeben.} 1/2-1/2